Filosofía y política de la educación / (Record no. 24577)
[ view plain ]
| 000 -CABECERA | |
|---|---|
| campo de control de longitud fija | 00519nam a2200181 a 4500 |
| 005 - FECHA Y HORA DE LA ÚLTIMA TRANSACCIÓN | |
| campo de control | 20260221063940.0 |
| 008 - ELEMENTOS DE LONGITUD FIJA--INFORMACIÓN GENERAL | |
| campo de control de longitud fija | 991125s1966 ag 000 0 fre u |
| 035 ## - NÚMERO DE CONTROL DEL SISTEMA | |
| Número de control de sistema | UPN01000024577 |
| 049 ## - COLECCIÓN | |
| Colección | CG |
| 050 #4 - SIGNATURA TOPOGRÁFICA DE LA BIBLIOTECA DEL CONGRESO | |
| Número de clasificación | LB775 |
| Número de documento/Ítem | CH3.48 |
| 100 1# - ASIENTO PRINCIPAL--NOMBRE PERSONAL | |
| Nombre de persona | Chateau, Jean |
| 9 (RLIN) | 33827 |
| 245 10 - MENCIÓN DE TÍTULO | |
| Título | Filosofía y política de la educación / |
| Mención de responsabilidad, etc. | Jean Chateau ; tr. Lucy Jachevasky. |
| 260 ## - PUBLICACIÓN, DISTRIBUCIÓN, ETC. | |
| Lugar de publicación, distribución, etc. | Buenos Aires : |
| Nombre del editor, distribuidor, etc. | Nova, |
| Fecha de publicación, distribución, etc. | 1966. |
| 300 ## - DESCRIPCIÓN FÍSICA | |
| Extensión | 322 p. |
| 440 #3 - MENCIÓN DE SERIE/ASIENTO SECUNDARIO--TÍTULO | |
| Título | La educación ; |
| Designación de volumen o secuencia | 1 |
| 650 #4 - ASIENTO SECUNDARIO DE MATERIA - TERMINO TEMATICO | |
| Término de materia o nombre geográfico como elemento de entrada | Educación |
| Subdivisión general | Filosofía |
| 9 (RLIN) | 4994 |
| 905 ## - TIPO DE MATERIAL | |
| Tipo de material | Libro |
| Estado de retiro | Estado de pérdida | Fuente del sistema de clasificación o colocación | Estado dañado | No para préstamo | Código de colección | Localización permanente | Ubicación/localización actual | Ubicación en estantería | Fecha de adquisición | Total de préstamos | Clasificación | Código de barras | Fecha visto por última vez | Fecha del último préstamo | Número de copia | Tipo de ítem Koha |
|---|---|---|---|---|---|---|---|---|---|---|---|---|---|---|---|---|
| Library of Congress Classification | Colección General | Bib. Gregorio Torres Quintero | Bib. Gregorio Torres Quintero | Planta baja | 12/09/2022 | 10 | LB775 CH3.48 | 666 | 28/09/2022 | 12/09/2022 | 1 | Libro |
